000 00674nam a22001937a 4500
999 _c167320
_d167320
005 20200828144048.0
010 _aENG-126334
020 _c1195.00
_a978-0-19-949974-8
035 _aEN-109866
037 _bDBAD/PUB
082 _a954.80049481
100 _aCederlof, Gunnel
245 _aLandscapes and the law:
_cby Gunnel Cederlof
_bEnvironmental Politics, Regional Histories, and Contests over Nature/
260 _aNew Delhi
_bOxford University Press
_c2019
270 _bDaryaganj
_e110002
_a2/11 Ground Floor, Ansari Road
300 _axxiii294p.
_c22cm(pbk)
500 _aIncludes index and bibliography.
942 _2ddc
_cEN
_h954.80049481
_mCED